000 00284nam a2200109 4500
020 _a9780080965307
050 _aLC 66 .E26 2010
_b14465
245 _aECONOMICS OF EDUCATION
250 _aBrewer Domonic J.
_bMcEwan Patrick J.
260 _aAmsterdam
_bElservier
_c2010
942 _2lcc
_cGEN
999 _c13816
_d13816